Reflexiones de un librepensador / (Registro nro. 3849)

Detalles MARC
000 -LEADER
fixed length control field 01024nam a2200241Ia 4500
003 - CONTROL NUMBER IDENTIFIER
control field OSt
005 - DATE AND TIME OF LATEST TRANSACTION
control field 20200727194950.0
008 - FIXED-LENGTH DATA ELEMENTS--GENERAL INFORMATION
fixed length control field 191128s2001 ck fr 001 0dspa d
020 ## - INTERNATIONAL STANDARD BOOK NUMBER
International Standard Book Number 9586165884
040 ## - CATALOGING SOURCE
Original cataloging agency CO-JMCR
Transcribing agency CO-JMCR
041 0# - LANGUAGE CODE
Language code of text/sound track or separate title spa
082 04 - DEWEY DECIMAL CLASSIFICATION NUMBER
Classification number 340 /
Item number H662r
Edition number 23
100 1# - MAIN ENTRY--PERSONAL NAME
Personal name Hinestrosa, Fernando,
Relator term autor
9 (RLIN) 7921
245 10 - TITLE STATEMENT
Title Reflexiones de un librepensador /
Statement of responsibility, etc. Fernando Hinestrosa ; compiladora Emilssen González de Cancino
250 ## - EDITION STATEMENT
Edition statement Primera edición
260 ## - PUBLICATION, DISTRIBUTION, ETC.
Place of publication, distribution, etc. Bogotá :
Name of publisher, distributor, etc. Universidad Externado de Colombia,
Date of publication, distribution, etc. 2001
300 ## - PHYSICAL DESCRIPTION
Extent 584 páginas ;
Dimensions 24 cm.
500 ## - GENERAL NOTE
General note Incluye índice alfabético y datos biográficos del autor.
505 0# - FORMATTED CONTENTS NOTE
Formatted contents note Los hermanos mayores se reúnen -- Academias -- Homenajes -- Los que se han ido -- Educación universitaria -- Sobre el derecho y otras ciencias -- Ensayos breves -- El externado: educación para la libertad
650 14 - SUBJECT ADDED ENTRY--TOPICAL TERM
Topical term or geographic name entry element Ensayos colombianos
Chronological subdivision Siglo XXI
9 (RLIN) 7922
700 1# - ADDED ENTRY--PERSONAL NAME
Personal name González de Cancino, Emilssen,
Relator term compiladora
9 (RLIN) 7923
942 ## - ADDED ENTRY ELEMENTS (KOHA)
Source of classification or shelving scheme Dewey Decimal Classification
Koha item type Books
Existencias
Withdrawn status Lost status Source of classification or shelving scheme Damaged status Not for loan Collection code Home library Current library Date acquired Source of acquisition Total Checkouts Full call number Barcode Date last seen Date last checked out Copy number Price effective from Koha item type Shelving location
    Dewey Decimal Classification     Non-fiction Biblioteca Pública José María del Castillo y Rada Biblioteca Pública José María del Castillo y Rada 03/09/2019 Donación 2 340 / H662r 201808342 07/30/2025 07/29/2025 Ej.1 03/09/2019 Books  
    Dewey Decimal Classification     Non-fiction Biblioteca Pública José María del Castillo y Rada Biblioteca Pública José María del Castillo y Rada 03/09/2019 Donación 4 340 / H662r 201810190 09/19/2024 09/19/2024 Ej.2 03/09/2019 Books General Stacks